000 01206nam a2200301 4500
001 0000017618
003 CO-CtgCURN
005 20250509184650.0
007 ta
008 160627s1998 000 0 eng d
020 _a9586760286
040 _aCO-CtgCURN
_bspa
_ccoctgcurn
082 0 _a342.068
_bC117c
100 1 _aCabrera Castro, Teofilo.
245 1 0 _aCódigo disciplinario unico :
_bcon comentarios, normas legales y jurisprudencia Ley 200 de 1995, Ley 190 de 1995 y Ley 27 /
_c92.
250 _a2a. ed.
260 _aBogotá :
_bEdiciones Doctrina y Ley,
_c1998.
300 _a377 p.
336 _2rdacontent
337 _2rdamedia
_asin mediacion
_bn
338 _2rdacarrier
_avolumen
_bnc
500 _aIncluye indice\Apendice.
505 8 _aEstado y potestad disciplinaria.--Las potestades publicas.--El actual regimen disciplinario.--La graduacion de faltas y criterios de evaluacion.--El procedimiento disciplinario.--La competencia.--La actuacion procesal.--Las pruebas
650 1 4 _aFuncionarios publicos
_vLegislacion
_zColombia.
908 _a160627
942 _cBK
_h342.068
_iC117c
_2ddc
_n0
999 _c19116
_d19116